[Event "?"]
[Site "ICS rated blitz match, 164.58"]
[Date "1997.??.??"]
[Round "?"]
[White "Brause"]
[Black "oldtimer"]
[Result "1-0"]
[WhiteElo "2340"]
[BlackElo "2205"]
[PlyCount "90"]

1. e4 e5 2. Nf3 Nc6 3. Nc3 Nf6 4. Nxe5 Nxe5 5. d4 Ng6 6. e5 Ng8 7. Bc4 d5 8.
Bxd5 c6 9. Be4 f5 10. Bf3 Bb4 11. O-O Bxc3 12. bxc3 Be6 13. Rb1 Qd7 14. a4 N8e7
15. Ba3 O-O 16. Re1 Nf4 17. Qd2 Nfd5 18. a5 b5 19. axb6 axb6 20. Bxe7 Nxe7 21.
Rxb6 Qc7 22. Reb1 Rfb8 23. Rxb8+ Rxb8 24. Rxb8+ Qxb8 25. g3 h6 26. h4 Bc4 27.
h5 Nd5 28. Kg2 Qb1 29. Be2 Qb5 30. Bf3 Kf7 31. Qe1 Nc7 32. Qa1 Qb6 33. Qa4 Bd5
34. Bxd5+ Nxd5 35. Qa3 c5 36. Qxc5 Qxc5 37. dxc5 Nxc3 38. c6 Ke7 39. Kf3 Nd5
40. c4 Nb4 41. c7 Kd7 42. Kf4 Kxc7 43. Kxf5 Kd7 44. Kg6 Nd3 45. f4 Nb2 1-0

[Event "?"]
[Site "ICS rated blitz match, 164.58"]
[Date "1997.??.??"]
[Round "?"]
[White "Brause"]
[Black "oldtimer"]
[Result "0-1"]
[WhiteElo "2345"]
[BlackElo "2200"]
[PlyCount "194"]

1. e4 e5 2. Nf3 Nc6 3. Nc3 Nf6 4. Nxe5 Nxe5 5. d4 Ng6 6. e5 Ng8 7. Bc4 d5 8.
Bxd5 c6 9. Be4 f5 10. Bf3 Bb4 11. O-O Bxc3 12. bxc3 Be6 13. Rb1 Rb8 14. a4 N8e7
15. Ba3 O-O 16. Bd6 b6 17. Bxb8 Qxb8 18. Qd3 Rd8 19. Rbe1 c5 20. h3 c4 21. Qe3
h6 22. Rb1 Qc7 23. a5 Nd5 24. axb6 axb6 25. Qe1 Ra8 26. Ra1 Qc6 27. Rxa8+ Qxa8
28. Kh2 Nge7 29. Qa1 Qxa1 30. Rxa1 Nxc3 31. Ra7 Ned5 32. Bxd5 Nxd5 33. Rb7 g5
34. g3 Kf8 35. Rh7 b5 36. Rxh6 Ke7 37. Rh5 b4 38. Rh8 b3 39. cxb3 c3 40. Ra8 c2
41. Ra7+ Kf8 42. Ra8+ Kf7 43. Ra7+ Kg6 44. Ra1 Nb4 45. Rc1 Bxb3 46. f4 gxf4 47.
gxf4 Nd3 48. Rg1+ Kh6 49. Kg3 c1=Q 50. Rxc1 Nxc1 51. Kf3 Bd5+ 52. Ke3 Na2 53.
Kd3 Nb4+ 54. Kc3 Nc6 55. Kd3 Kh5 56. Ke3 Kh4 57. Kd3 Kxh3 58. Ke3 Kg3 59. Ke2
Kxf4 60. Kd3 Kf3 61. e6 Bxe6 62. d5 Bxd5 63. Kd2 f4 64. Kd3 Be6 65. Kc2 Ke3 66.
Kb2 Bc4 67. Kc3 Bb5 68. Kb3 Kd3 69. Kb2 Ba4 70. Ka3 Bc2 71. Kb2 Kd2 72. Ka2 Kc3
73. Ka3 Nd4 74. Ka2 Nb5 75. Ka1 Na3 76. Ka2 Nc4 77. Ka1 Bb3 78. Kb1 Na3+ 79.
Kc1 Bd5 80. Kd1 Kb2 81. Ke1 Nb5 82. Kf2 Nd4 83. Kf1 Kc2 84. Kf2 Kd2 85. Kg1
Nf3+ 86. Kf2 Ng5 87. Kg1 Ke1 88. Kh2 Bc4 89. Kg2 Be2 90. Kg1 Bf1 91. Kh2 Kf2
92. Kh1 Kg3 93. Kg1 Bh3 94. Kh1 f3 95. Kg1 Ne4 96. Kh1 Bg2+ 97. Kg1 f2# 0-1

[Event "?"]
[Site "ICS rated blitz match, 164.58"]
[Date "1997.??.??"]
[Round "?"]
[White "Brause"]
[Black "oldtimer"]
[Result "1-0"]
[WhiteElo "2325"]
[BlackElo "2225"]
[PlyCount "133"]

1. e4 e5 2. Nf3 Nc6 3. Nc3 Nf6 4. Nxe5 Nxe5 5. d4 Ng6 6. e5 Ng8 7. Bc4 d5 8.
Bxd5 c6 9. Be4 f5 10. Bf3 Bb4 11. O-O Bxc3 12. bxc3 Be6 13. Rb1 Qd7 14. a4 N8e7
15. Ba3 O-O 16. Re1 Rfe8 17. Qc1 b6 18. Bd6 Bc4 19. Rb4 Qe6 20. Qg5 h6 21. Qg3
Kh7 22. Bh5 Red8 23. Rd1 Rd7 24. Re1 a5 25. Rbb1 Nd5 26. Rbc1 Re8 27. h3 Rc8
28. Rcd1 Rcd8 29. Rb1 Ngf4 30. Bf3 g5 31. Bxd5 Nxd5 32. Qf3 Rg7 33. Ra1 Qg6 34.
Ra3 g4 35. hxg4 Qxg4 36. Qxg4 Rxg4 37. Kh2 Nf4 38. g3 Ne6 39. Rb1 b5 40. axb5
cxb5 41. Rxa5 Rd7 42. Raxb5 Bxb5 43. Rxb5 f4 44. d5 fxg3+ 45. fxg3 Ng7 46. Bb8
Re4 47. e6 Nxe6 48. dxe6 Rxe6 49. Kh3 Kg6 50. c4 Rd4 51. Rc5 h5 52. Bf4 h4 53.
Kxh4 Ree4 54. Rg5+ Kf7 55. c5 Rc4 56. Kg4 Rxc2 57. Kf3 Rec4 58. Be3 Ra4 59. Re5
Kf6 60. Re4 Rxe4 61. Kxe4 Ke6 62. g4 Kf6 63. Kd5 Kg6 64. c6 Rc3 65. Bc5 Rd3+
66. Bd4 Rd2 67. c7 1-0

[Event "?"]
[Site "ICS rated blitz match, 164.58"]
[Date "1997.??.??"]
[Round "?"]
[White "Brause"]
[Black "oldtimer"]
[Result "0-1"]
[WhiteElo "2320"]
[BlackElo "2220"]
[PlyCount "198"]

1. e4 e5 2. Nf3 Nc6 3. Nc3 Nf6 4. Nxe5 Nxe5 5. d4 Ng6 6. e5 Ng8 7. Bc4 d5 8.
Bxd5 c6 9. Be4 f5 10. Bf3 Bb4 11. O-O N8e7 12. Ne2 Be6 13. Bg5 Bc4 14. c3 Ba5
15. Qa4 b5 16. Qa3 Rc8 17. Bh5 Bxe2 18. Bxe2 h6 19. Bxe7 Nxe7 20. d5 cxd5 21.
Bxb5+ Kf7 22. e6+ Kg8 23. Rad1 Bb6 24. c4 d4 25. Rd3 a5 26. Rfd1 Kh7 27. Qb3
Bc5 28. Bd7 Rb8 29. Qc2 Qc7 30. Kh1 Rhf8 31. b3 Kh8 32. Qc1 Qd6 33. Rh3 Kh7 34.
Qd2 Qb6 35. Rd3 Qc7 36. Qc2 Kh8 37. Qc1 Rf6 38. Kg1 Rg6 39. Qc2 Rf6 40. Qc1
Rbf8 41. h3 Qd6 42. Qd2 Qb6 43. f4 Ng6 44. Qf2 Qc7 45. g3 Bb4 46. Qf3 Bc3 47.
Qd5 Ne7 48. Qe5 Qxe5 49. fxe5 Rg6 50. Rf3 Bb4 51. Kh1 Bc5 52. Kh2 h5 53. Rdd3
Kg8 54. Rf2 Rh6 55. Rdf3 g6 56. h4 Kg7 57. Rd3 Rhh8 58. Kg2 Rb8 59. Kg1 Rb6 60.
Re2 Rd8 61. Kg2 Kf8 62. Kf3 Kg7 63. Kg2 Nc6 64. Kf1 Kf8 65. Kg2 Nb4 66. Rf3 Na6
67. Rd2 Nc7 68. Rfd3 Nxe6 69. Ba4 Ke7 70. Rd1 Bb4 71. Bb5 Bc3 72. Rf3 Nc5 73.
Rf2 Re6 74. Rc2 Rxe5 75. Bc6 Bb4 76. Rf2 d3 77. Bf3 Ne4 78. Rff1 Nd2 79. Rf2
Nxf3 80. Kxf3 Kf6 81. Rb2 Bc3 82. Rbb1 d2 83. Kf2 Rde8 84. Kg2 Re1 85. c5 Rc8
86. c6 Rxc6 87. b4 axb4 88. Kf2 Rce6 89. Kg2 Rxd1 90. Rxd1 Re1 91. Rxd2 Bxd2
92. Kf3 Ke5 93. Kf2 Ke4 94. g4 fxg4 95. a3 Kf4 96. axb4 g3+ 97. Kg2 Re2+ 98.
Kh1 Be3 99. b5 Kg4 0-1

[Event "?"]
[Site "ICS rated blitz match, 164.58"]
[Date "1997.??.??"]
[Round "?"]
[White "Brause"]
[Black "oldtimer"]
[Result "1-0"]
[WhiteElo "2315"]
[BlackElo "2195"]
[PlyCount "92"]

1. e4 e5 2. Nf3 Nc6 3. Nc3 Nf6 4. Nxe5 Nxe5 5. d4 Ng6 6. e5 Ng8 7. Bc4 d5 8.
Bxd5 c6 9. Bf3 Bb4 10. O-O Bxc3 11. bxc3 Be6 12. Bh5 f5 13. exf6 Nxf6 14. Bg5
O-O 15. Bxg6 hxg6 16. Re1 Bc4 17. Qb1 Qb6 18. Qb4 Qxb4 19. cxb4 Rfe8 20. a3
Rxe1+ 21. Rxe1 Re8 22. Re5 Rxe5 23. dxe5 Nd5 24. f3 Kf7 25. Kf2 Ke6 26. f4 Bb5
27. g4 Nc3 28. Ke3 Nb1 29. Ke4 Nxa3 30. c3 Bc4 31. f5+ gxf5+ 32. gxf5+ Kf7 33.
e6+ Bxe6 34. fxe6+ Kxe6 35. Be3 a6 36. Bd4 g6 37. h3 Nc4 38. Bf2 b6 39. Kd4 Nd6
40. Kd3 Nc8 41. c4 a5 42. c5 b5 43. bxa5 Kd7 44. a6 Na7 45. Bg3 Kc8 46. Kd4 b4
1-0

[Event "?"]
[Site "ICS rated blitz match, 164.58"]
[Date "1997.??.??"]
[Round "?"]
[White "Brause"]
[Black "oldtimer"]
[Result "0-1"]
[WhiteElo "2320"]
[BlackElo "2190"]
[PlyCount "258"]

1. e4 e5 2. Nf3 Nc6 3. Nc3 Nf6 4. Nxe5 Nxe5 5. d4 Ng6 6. e5 Ng8 7. Bc4 d5 8.
Bxd5 c6 9. Bf3 Bb4 10. O-O Bxc3 11. bxc3 Be6 12. Bh5 f5 13. exf6 Nxf6 14. Bg5
O-O 15. Bxg6 hxg6 16. Re1 Bc4 17. Qb1 Qb6 18. Qb4 Qxb4 19. cxb4 Rfe8 20. a3
Rxe1+ 21. Rxe1 Re8 22. Re5 Kf7 23. f3 Rxe5 24. dxe5 Nd5 25. Kf2 Ke6 26. f4 Nc3
27. Ke3 Bd5 28. g3 b5 29. Kd4 Na4 30. Bd8 Nb6 31. Bc7 Nc4 32. Bb8 Nxa3 33. Kd3
a6 34. c3 Nc4 35. h4 a5 36. bxa5 Nxa5 37. Bd6 Nb7 38. Bb4 Kf5 39. Ke3 Nd8 40.
Bd6 Ne6 41. Be7 Bh1 42. Bd6 Kg4 43. Kf2 Be4 44. Ke3 Bf5 45. Kf2 Bc2 46. Kg2 Kf5
47. Kf3 Bd1+ 48. Ke3 Kg4 49. Kf2 Bc2 50. Kg2 Bd3 51. Kf2 Be4 52. Ke3 Bd5 53.
Kf2 c5 54. Be7 b4 55. cxb4 cxb4 56. Bxb4 Nd4 57. Be7 Nf5 58. Bf8 Nxg3 59. Bxg7
Kxf4 60. Bh8 Kg4 61. Ke3 Nf5+ 62. Kd3 Be6 63. Bf6 Nxh4 64. Ke4 Nf3 65. Bg7 Ng5+
66. Ke3 Kf5 67. Bf6 Ba2 68. Bg7 Bd5 69. Kd3 Bh1 70. Ke3 Nf3 71. e6 Kxe6 72. Kf4
Nd2 73. Bh6 Nc4 74. Bg7 Nd6 75. Bd4 Nf7 76. Be3 Kd5 77. Bc1 Kd4 78. Bb2+ Kd3
79. Bf6 Ke2 80. Bh4 Kf1 81. Bf6 Kg2 82. Bh4 Kh3 83. Be7 Bd5 84. Bf6 Kg2 85. Bh4
Be6 86. Bf6 Kf2 87. Bd4+ Ke2 88. Bf6 Kd3 89. Be7 Kd4 90. Bf6+ Kd5 91. Be7 Bf5
92. Bf6 Ke6 93. Bh4 Bb1 94. Kg4 Ke5 95. Bg3+ Kf6 96. Kf3 g5 97. Kg4 Kg6 98. Kf3
Kf5 99. Kf2 Ne5 100. Ke3 Be4 101. Kd4 Ng4 102. Bd6 Bb7 103. Bc7 Nf6 104. Kd3
Nd5 105. Bg3 Kg4 106. Be1 Kf3 107. Kc4 Nf4 108. Bc3 g4 109. Be1 Ng2 110. Bb4 g3
111. Kc3 Ne3 112. Bd6 g2 113. Bh2 Kf2 114. Kd3 Ng4 115. Bd6 Kf1 116. Bc5 Nf2+
117. Kc4 g1=Q 118. Kb5 Qg6 119. Bxf2 Qc6+ 120. Kb4 Kxf2 121. Kb3 Ke3 122. Kb4
Kd4 123. Kb3 Qc3+ 124. Ka2 Kc4 125. Kb1 Kb4 126. Ka2 Qd2+ 127. Kb1 Ka3 128. Ka1
Qc3+ 129. Kb1 Be4# 0-1

[Event "?"]
[Site "ICS rated blitz match, 164.58"]
[Date "1997.??.??"]
[Round "?"]
[White "Brause"]
[Black "oldtimer"]
[Result "0-1"]
[WhiteElo "2305"]
[BlackElo "2205"]
[PlyCount "222"]

1. e4 e5 2. Nf3 Nc6 3. Nc3 Nf6 4. Nxe5 Nxe5 5. d4 Ng6 6. e5 Ng8 7. Bc4 d5 8.
Bxd5 c6 9. Bf3 Bb4 10. O-O Bxc3 11. bxc3 Be6 12. Bh5 f5 13. exf6 Nxf6 14. Bg5
O-O 15. Bxg6 hxg6 16. Re1 Bc4 17. Qb1 Qb6 18. Qb4 Qxb4 19. cxb4 Rfe8 20. a3
Rxe1+ 21. Rxe1 Kf7 22. Re5 Re8 23. Rxe8 Kxe8 24. f3 Kd7 25. Kf2 Ke6 26. Bf4 Bb5
27. Bb8 a6 28. Be5 Kd5 29. Ke3 g5 30. g3 Bf1 31. Kf2 Bc4 32. Ke3 Ke6 33. Kd2 g4
34. fxg4 Nxg4 35. Bxg7 Nxh2 36. Ke3 Kf5 37. a4 Ng4+ 38. Kf3 Bd5+ 39. Ke2 b5 40.
axb5 axb5 41. Kd3 Bc4+ 42. Kc3 Ke4 43. Bf8 Ne3 44. Bd6 Be6 45. Be5 Bg4 46. Bg7
Bf3 47. Be5 Nf1 48. Bb8 Kf5 49. Kd3 Bd5 50. Ke2 Bc4+ 51. Kf3 Nh2+ 52. Kg2 Ng4
53. Kf3 Bd5+ 54. Ke2 Ke4 55. Kd2 Kxd4 56. Bf4 Ke4 57. Ke2 Bc4+ 58. Kd2 Kf3 59.
Kc3 Ke4 60. Kd2 Nf6 61. Bg5 Nd5 62. Bh6 Kf3 63. Bf8 Kxg3 64. Bd6+ Kf3 65. Bf8
Ke4 66. Bd6 Kf3 67. Bf8 Nf4 68. Bc5 Ne6 69. Bg1 Ke4 70. Bb6 Bf1 71. Ke1 Bh3 72.
Kd2 Kd5 73. Kc3 Ng5 74. Bd8 Ne4+ 75. Kb3 Bf1 76. Bb6 Bc4+ 77. Ka3 Ke5 78. Be3
Nc3 79. Bb6 Na4 80. Be3 Ke4 81. Bg5 Kf3 82. Bh6 Ke2 83. Bg7 Kd2 84. Bh8 Kxc2
85. Bd4 Bd5 86. Bf6 Be6 87. Bd4 Bf7 88. Bf6 Nb6 89. Bd8 Nc4+ 90. Ka2 Nd2+ 91.
Ka1 Kb3 92. Bf6 Bg6 93. Bg5 Ne4 94. Be7 Nc3 95. Bd6 Nd5 96. Bc5 Nxb4 97. Bb6
Nd3 98. Kb1 Bh5 99. Bc7 c5 100. Bd6 c4 101. Ka1 c3 102. Be7 b4 103. Bf6 c2 104.
Bb2 c1=Q+ 105. Bxc1 Nxc1 106. Kb1 Ne2 107. Ka1 Ka3 108. Kb1 b3 109. Ka1 Bf3
110. Kb1 Be4+ 111. Ka1 b2# 0-1

[Event "?"]
[Site "ICS rated blitz match, 164.58"]
[Date "1997.??.??"]
[Round "?"]
[White "Brause"]
[Black "foxbat"]
[Result "0-1"]
[WhiteElo "2295"]
[BlackElo "2275"]
[PlyCount "194"]

1. e4 e5 2. Nf3 Nc6 3. Nc3 Nf6 4. Nxe5 Nxe5 5. d4 Ng6 6. e5 Ng8 7. Bc4 d5 8.
Bxd5 Bb4 9. Qf3 Bxc3+ 10. bxc3 f5 11. Bxb7 Bxb7 12. Qxb7 N8e7 13. O-O O-O 14.
Bg5 h6 15. Bxe7 Qxe7 16. Rab1 Qf7 17. Rb3 Qc4 18. Rfb1 Nf4 19. Qf3 Nd5 20. Rb5
c6 21. R5b3 Rae8 22. R1b2 a5 23. Qg3 f4 24. Qd3 Qxd3 25. cxd3 a4 26. Ra3 Rb8
27. Rxb8 Rxb8 28. Kf1 Rb2 29. h4 Kf7 30. c4 Nb4 31. Rxa4 Nxd3 32. Ra6 Rxf2+ 33.
Kg1 Rd2 34. Ra7+ Kg6 35. Kf1 Nb4 36. e6 Rxd4 37. a3 Nc2 38. Ke2 Kf5 39. e7 Re4+
40. Kd2 Ne1 41. e8=Q Rxe8 42. Rf7+ Kg4 43. Rxg7+ Kxh4 44. a4 Re5 45. Rg6 Kh5
46. Rg8 f3 47. gxf3 Nxf3+ 48. Kc3 c5 49. Rc8 Kg4 50. a5 Nd4 51. Kd3 Kf4 52.
Rf8+ Rf5 53. Rc8 Rg5 54. a6 Rg3+ 55. Kd2 Ra3 56. Rf8+ Nf5 57. Ra8 h5 58. a7 h4
59. Kc2 h3 60. Kb2 h2 61. Rh8 Rxa7 62. Rxh2 Nd6 63. Kb3 Rb7+ 64. Kc2 Rg7 65.
Rf2+ Ke3 66. Rf6 Nxc4 67. Kc3 Ne5 68. Rh6 Ke4 69. Rh8 Rg3+ 70. Kc2 c4 71. Rc8
Rh3 72. Kb2 Kd5 73. Rd8+ Kc5 74. Rc8+ Nc6 75. Rc7 Rg3 76. Kc2 Kd5 77. Kd1 Rg2
78. Rd7+ Kc5 79. Rh7 c3 80. Rc7 Kd6 81. Rc8 c2+ 82. Kc1 Nb4 83. Kb2 Nd3+ 84.
Kb3 c1=Q 85. Rxc1 Nxc1+ 86. Kc4 Rg5 87. Kd4 Rg4+ 88. Ke3 Ke5 89. Kd2 Rg3 90.
Kxc1 Rg2 91. Kd1 Ke4 92. Ke1 Ke3 93. Kd1 Rh2 94. Kc1 Kd3 95. Kb1 Kc3 96. Ka1
Kb3 97. Kb1 Rh1# 0-1

[Event "?"]
[Site "ICS rated blitz match, 164.58"]
[Date "1997.??.??"]
[Round "?"]
[White "Brause"]
[Black "orla"]
[Result "1-0"]
[WhiteElo "2290"]
[BlackElo "2570"]
[PlyCount "23"]

1. e4 e5 2. Nf3 Nc6 3. Nc3 Nf6 4. Nxe5 Nxe5 5. d4 Ng6 6. e5 Ng8 7. Bc4 d5 8.
Bxd5 Be6 9. Bxb7 Rb8 10. Bc6+ Ke7 11. b3 Nh6 12. Ba3+ 1-0

[Event "?"]
[Site "ICS rated blitz match, 164.58"]
[Date "1997.??.??"]
[Round "?"]
[White "Brause"]
[Black "orla"]
[Result "1-0"]
[WhiteElo "2290"]
[BlackElo "2570"]
[PlyCount "33"]

1. e4 e5 2. Nf3 Nc6 3. Nc3 Nf6 4. Nxe5 Nxe5 5. d4 Ng6 6. e5 Ng8 7. Bc4 d6 8.
Qf3 Nh6 9. Bxh6 Be6 10. Bxe6 fxe6 11. Be3 Qe7 12. Qxb7 Rd8 13. Qxa7 Nh4 14. O-O
g5 15. d5 dxe5 16. dxe6 g4 17. Qa4+ 1-0

[Event "?"]
[Site "ICS rated blitz match, 164.58"]
[Date "1997.??.??"]
[Round "?"]
[White "Brause"]
[Black "orla"]
[Result "1-0"]
[WhiteElo "2290"]
[BlackElo "2570"]
[PlyCount "43"]

1. e4 e5 2. Nf3 Nf6 3. Nc3 Nc6 4. Nxe5 Nxe5 5. d4 Nc6 6. d5 Ne5 7. f4 Ng6 8. e5
Ng8 9. d6 cxd6 10. exd6 Qf6 11. Nb5 Rb8 12. Be3 a6 13. Nc7+ Kd8 14. Bb6 Qh4+
15. g3 Qh6 16. Nxa6+ Ke8 17. Qe2+ N8e7 18. Nc7+ Kd8 19. Qe3 Nh4 20. dxe7+ Bxe7
21. Nd5+ Ke8 22. Qxe7# 1-0

[Event "?"]
[Site "ICS rated blitz match, 164.58"]
[Date "1997.??.??"]
[Round "?"]
[White "Brause"]
[Black "orla"]
[Result "1-0"]
[WhiteElo "2290"]
[BlackElo "2570"]
[PlyCount "33"]

1. e4 e5 2. Nf3 Nc6 3. Nc3 Nf6 4. Nxe5 Nxe5 5. d4 Ng6 6. e5 Ng8 7. Bc4 N8e7 8.
Qf3 d5 9. exd6 Nf5 10. Qe4+ Kd7 11. Qxf5+ Kc6 12. Qb5+ Kxd6 13. Qd5+ Ke7 14.
Qxf7+ Kd6 15. Qd5+ Ke7 16. Bg5+ Ke8 17. Qxd8# 1-0

[Event "?"]
[Site "ICS rated blitz match, 164.58"]
[Date "1997.??.??"]
[Round "?"]
[White "Brause"]
[Black "orla"]
[Result "1-0"]
[WhiteElo "2290"]
[BlackElo "2570"]
[PlyCount "49"]

1. e4 e5 2. Nf3 Nf6 3. Nc3 Nc6 4. Nxe5 Nxe5 5. d4 Ng6 6. e5 Ng8 7. Bc4 d5 8.
Bxd5 c6 9. Bf3 Bb4 10. O-O Bxc3 11. bxc3 N8e7 12. Qe2 O-O 13. Ba3 b6 14. Bd6
Re8 15. Rad1 Nf5 16. Bxc6 Nxd6 17. Bxa8 Bb7 18. Bxb7 Nxb7 19. f4 Qh4 20. f5 Nf4
21. Qf3 Nh5 22. Qxb7 f6 23. e6 Qg4 24. Qf7+ Kh8 25. Qxe8# 1-0

[Event "?"]
[Site "ICS rated blitz match, 164.58"]
[Date "1997.??.??"]
[Round "?"]
[White "Brause"]
[Black "BauttuaB"]
[Result "1-0"]
[WhiteElo "2295"]
[BlackElo "2205"]
[PlyCount "126"]

1. e4 e5 2. Nf3 Nc6 3. Nc3 Nf6 4. Nxe5 Nxe5 5. d4 Ng6 6. e5 Ng8 7. Bc4 d5 8.
Bxd5 c6 9. Bf3 Be6 10. O-O N8e7 11. Bg5 h6 12. Be3 Nf5 13. Qd3 Nge7 14. Rad1
Nd5 15. Nxd5 cxd5 16. Bc1 g6 17. Qb3 Qd7 18. c4 Ne7 19. Rfe1 Bg7 20. cxd5 Nxd5
21. Qa3 Bf8 22. Qd3 Bb4 23. Re2 Rc8 24. a3 Rxc1 25. Rxc1 Nf4 26. Qe3 Nxe2+ 27.
Qxe2 Be7 28. Qe4 O-O 29. d5 Bf5 30. Qe2 h5 31. Qe3 b6 32. d6 Bd8 33. Bc6 Qe6
34. Qd4 Kg7 35. Bd5 Qd7 36. e6+ Bf6 37. Qxf6+ Kxf6 38. exd7 Rd8 39. Rd1 Bxd7
40. g3 Be6 41. Bc6 Ke5 42. f4+ Kf6 43. Rd4 Bd7 44. Bd5 Be6 45. Bg2 Bb3 46. Bh3
Be6 47. Bf1 Bb3 48. Bb5 Ke6 49. Rd3 Bd5 50. d7 Be4 51. Re3 Kd5 52. Kf2 f5 53.
Rc3 Kd6 54. Rc8 Ke7 55. Rxd8 Kxd8 56. Bc4 Kxd7 57. Bf7 h4 58. gxh4 Ke7 59. Bxg6
a5 60. Ke3 b5 61. b4 axb4 62. axb4 Bb1 63. Kd4 Kd6 1-0

[Event "?"]
[Site "ICS rated blitz match, 164.58"]
[Date "1997.??.??"]
[Round "?"]
[White "Brause"]
[Black "BauttuaB"]
[Result "1-0"]
[WhiteElo "2290"]
[BlackElo "2210"]
[PlyCount "93"]

1. e4 e5 2. Nf3 Nc6 3. Nc3 Nf6 4. Nxe5 Nxe5 5. d4 Ng6 6. e5 Ng8 7. Bc4 d5 8.
Bxd5 c6 9. Bf3 Be6 10. O-O N8e7 11. Re1 Nd5 12. Ne4 Be7 13. c4 Nc7 14. Nd6+
Bxd6 15. exd6 Qxd6 16. d5 cxd5 17. cxd5 O-O 18. dxe6 Qxd1 19. exf7+ Rxf7 20.
Rxd1 Rb8 21. Bh5 Re8 22. Be3 b6 23. Bxg6 hxg6 24. Rd6 Re6 25. Rad1 Rxd6 26.
Rxd6 Kh7 27. Kf1 Ne8 28. Rd8 Nf6 29. Ke2 Rc7 30. Kd3 Ng4 31. h3 Nxe3 32. fxe3
Rc1 33. Ra8 Rb1 34. b3 a5 35. Rc8 a4 36. bxa4 Rb2 37. Rc2 Rb4 38. e4 Rxa4 39.
e5 Kg8 40. Rf2 b5 41. g4 g5 42. e6 Rf4 43. Re2 Kf8 44. Re5 Ke7 45. Rxg5 Rf3+
46. Kd4 Rxh3 47. Rxb5 1-0

[Event "?"]
[Site "ICS rated blitz match, 164.58"]
[Date "1997.??.??"]
[Round "?"]
[White "Brause"]
[Black "BauttuaB"]
[Result "1-0"]
[WhiteElo "2310"]
[BlackElo "2200"]
[PlyCount "101"]

1. e4 e5 2. Nf3 Nc6 3. Nc3 Nf6 4. Nxe5 Nxe5 5. d4 Ng6 6. e5 Ng8 7. Bc4 d5 8.
Bxd5 c6 9. Bf3 Bb4 10. O-O Bxc3 11. bxc3 N8e7 12. Be4 O-O 13. Bg5 Be6 14. Qd3
h6 15. Bxg6 hxg5 16. Bh7+ Kh8 17. Be4 g6 18. c4 Kg7 19. Rad1 Bf5 20. d5 Bxe4
21. Qxe4 Qd7 22. e6 Qd6 23. c5 Qf4 24. Qxf4 gxf4 25. d6 Nf5 26. e7 Rfb8 27.
Rfe1 Kf6 28. d7 Nxe7 29. Rd6+ Kg7 30. Rxe7 Rd8 31. Re4 g5 32. h4 f6 33. hxg5
fxg5 34. Re5 b6 35. Rxg5+ Kf7 36. Rf5+ Ke7 37. Re5+ Kf7 38. Re4 bxc5 39. Rd3
Rab8 40. Rxf4+ Ke6 41. Re4+ Kf5 42. Re7 Kf6 43. Rde3 Rb7 44. R3e6+ Kf5 45. Rd6
c4 46. f3 c3 47. Kf2 Rb2 48. g4+ Kf4 49. Re4+ Kg5 50. Re5+ Kf4 51. Rf5# 1-0

[Event "?"]
[Site "ICS rated blitz match, 164.58"]
[Date "1997.??.??"]
[Round "?"]
[White "Brause"]
[Black "BauttuaB"]
[Result "1-0"]
[WhiteElo "2320"]
[BlackElo "2190"]
[PlyCount "43"]

1. e4 e5 2. Nf3 Nc6 3. Nc3 Nf6 4. Nxe5 Nxe5 5. d4 Ng6 6. e5 Ng8 7. Bc4 d6 8.
Qf3 Be6 9. Qxb7 Bxc4 10. Qc6+ Ke7 11. exd6+ cxd6 12. Qxc4 Nf6 13. O-O Qb6 14.
Bg5 Kd7 15. Bxf6 gxf6 16. Rae1 Be7 17. Nd5 Qb7 18. Nxe7 Nxe7 19. Qxf7 Rae8 20.
Re3 Kd8 21. Qxf6 Rhg8 22. Qxd6+ 1-0

[Event "?"]
[Site "ICS rated blitz match, 164.58"]
[Date "1997.??.??"]
[Round "?"]
[White "Brause"]
[Black "fweep"]
[Result "1-0"]
[WhiteElo "2315"]
[BlackElo "1895"]
[PlyCount "47"]

1. e4 e5 2. Nf3 Nc6 3. Nc3 Nf6 4. Nxe5 Nxe5 5. d4 Ng6 6. e5 Ng8 7. Bc4 d5 8.
Bxd5 c6 9. Bf3 Bb4 10. O-O Bf5 11. Ne4 N8e7 12. c3 Bxe4 13. Bxe4 Ba5 14. Qh5
O-O 15. Bg5 f6 16. exf6 gxf6 17. Bh6 Rf7 18. Rae1 Bc7 19. f4 Qd7 20. f5 Nf8 21.
Re2 Re8 22. Rfe1 a6 23. Bc2 Qd6 24. Bb3 1-0

[Event "?"]
[Site "ICS rated blitz match, 164.58"]
[Date "1997.??.??"]
[Round "?"]
[White "Brause"]
[Black "lidia"]
[Result "1-0"]
[WhiteElo "2315"]
[BlackElo "2155"]
[PlyCount "30"]

1. e4 e5 2. Nf3 Nc6 3. Nc3 Nf6 4. Nxe5 Nxe5 5. d4 Ng6 6. e5 Ng8 7. Bc4 d6 8.
Qf3 Be6 9. Qxb7 Bxc4 10. Qc6+ Ke7 11. exd6+ cxd6 12. Qxc4 Nf6 13. O-O Qb6 14.
Bg5 Kd8 15. Nd5 Qb7 1-0

[Event "?"]
[Site "ICS rated blitz match, 164.58"]
[Date "1997.??.??"]
[Round "?"]
[White "Brause"]
[Black "EvilSmurf"]
[Result "1-0"]
[WhiteElo "2305"]
[BlackElo "2785"]
[PlyCount "61"]

1. e4 e5 2. Nf3 Nc6 3. Nc3 Nf6 4. Nxe5 Nxe5 5. d4 Nc6 6. d5 Ne5 7. f4 Ng6 8. e5
Ng8 9. d6 c6 10. g3 f6 11. Qh5 Be7 12. Bd3 Kf7 13. Bxg6+ hxg6 14. Qxh8 Nh6 15.
Qxd8 Bxd8 16. Ne4 f5 17. Nc5 b6 18. Na4 b5 19. Nc5 Bb6 20. Nd3 Ng4 21. h3 Nh6
22. Bd2 Ba6 23. Bb4 Rc8 24. Nc5 Bxc5 25. Bxc5 Ra8 26. O-O-O Bb7 27. e6+ dxe6
28. d7 a5 29. d8=Q Rxd8 30. Rxd8 Ng8 31. Rf8# 1-0

[Event "?"]
[Site "ICS rated blitz match, 164.58"]
[Date "1997.??.??"]
[Round "?"]
[White "Brause"]
[Black "EvilSmurf"]
[Result "1-0"]
[WhiteElo "2305"]
[BlackElo "2785"]
[PlyCount "29"]

1. e4 e5 2. Nf3 Nc6 3. Nc3 Nf6 4. Nxe5 Nxe5 5. d4 Ng6 6. e5 Ng8 7. Bc4 c6 8.
Qe2 N6e7 9. Qf3 Nd5 10. Nxd5 cxd5 11. Bxd5 Qe7 12. O-O g6 13. Bg5 f6 14. exf6
Qd6 15. f7# 1-0

[Event "?"]
[Site "ICS rated blitz match, 164.58"]
[Date "1997.??.??"]
[Round "?"]
[White "Brause"]
[Black "CyberKing"]
[Result "1-0"]
[WhiteElo "2310"]
[BlackElo "2350"]
[PlyCount "46"]

1. e4 e5 2. Nf3 Nf6 3. Nc3 Nc6 4. Nxe5 Nxe5 5. d4 Ng6 6. e5 Ng8 7. Bc4 Bb4 8.
Qf3 Qe7 9. O-O c6 10. Ne4 f5 11. Ng5 Nh6 12. Qh5 b5 13. Bb3 Kf8 14. Nxh7+ Rxh7
15. Qxg6 Rh8 16. c3 d6 17. cxb4 dxe5 18. dxe5 Bd7 19. Be3 Be8 20. Qg3 Qxb4 21.
Rac1 Ng4 22. Bc5+ Qxc5 23. Rxc5 Rh5 1-0

[Event "?"]
[Site "ICS rated blitz match, 164.58"]
[Date "1997.??.??"]
[Round "?"]
[White "Brause"]
[Black "RossA"]
[Result "1-0"]
[WhiteElo "2305"]
[BlackElo "1780"]
[PlyCount "37"]

1. e4 e5 2. Nf3 Nc6 3. Nc3 Nf6 4. Nxe5 Nxe5 5. d4 Ng6 6. e5 Ng8 7. Bc4 d6 8.
Qf3 Be6 9. Qxb7 Bxc4 10. Qc6+ Ke7 11. exd6+ cxd6 12. Qxc4 Qd7 13. Nd5+ Kd8 14.
O-O N8e7 15. Nxe7 Qxe7 16. Bd2 Qc7 17. Qd5 Rb8 18. Ba5 Rb6 19. Rae1 1-0

[Event "?"]
[Site "ICS rated blitz match, 164.58"]
[Date "1997.??.??"]
[Round "?"]
[White "Brause"]
[Black "RossA"]
[Result "1-0"]
[WhiteElo "2310"]
[BlackElo "1775"]
[PlyCount "43"]

1. e4 e5 2. Nf3 Nc6 3. Nc3 Nf6 4. Nxe5 Nxe5 5. d4 Ng6 6. e5 Ng8 7. Bc4 d6 8.
Qf3 Qd7 9. O-O Qf5 10. Qe2 N8e7 11. exd6 cxd6 12. Ne4 Kd7 13. g4 Nf4 14. gxf5
Nxe2+ 15. Bxe2 Nxf5 16. d5 b6 17. Ng5 Bb7 18. Nxf7 Rg8 19. Rd1 Rc8 20. c3 h6
21. Bg4 g6 22. Bxh6 1-0

[Event "?"]
[Site "ICS rated blitz match, 164.58"]
[Date "1997.??.??"]
[Round "?"]
[White "Brause"]
[Black "RossA"]
[Result "1-0"]
[WhiteElo "2310"]
[BlackElo "1775"]
[PlyCount "25"]

1. e4 e5 2. Nf3 Nc6 3. Nc3 Nf6 4. Nxe5 Nxe5 5. d4 Ng6 6. e5 Ng8 7. Bc4 d6 8.
Qf3 Qd7 9. O-O Qf5 10. Qe2 Be7 11. exd6 cxd6 12. Nd5 Qd7 13. Bb5 1-0

[Event "?"]
[Site "ICS rated blitz match, 164.58"]
[Date "1997.??.??"]
[Round "?"]
[White "Brause"]
[Black "RossA"]
[Result "1-0"]
[WhiteElo "2310"]
[BlackElo "1790"]
[PlyCount "65"]

1. e4 e5 2. Nf3 Nc6 3. Nc3 Nf6 4. Nxe5 Nxe5 5. d4 Ng6 6. e5 c5 7. Bg5 cxd4 8.
Qxd4 Qe7 9. Bxf6 gxf6 10. Nd5 Qxe5+ 11. Qxe5+ fxe5 12. Nc7+ Kd8 13. Nxa8 d5 14.
O-O-O Be6 15. h4 Kc8 16. h5 Ne7 17. c4 Bh6+ 18. Kb1 Kb8 19. cxd5 Bxd5 20. Bd3
Kxa8 21. Rhe1 f6 22. Be4 Bxe4+ 23. Rxe4 Rc8 24. Ree1 Kb8 25. Rd7 Rc7 26. Rd8+
Rc8 27. Red1 Rxd8 28. Rxd8+ Kc7 29. Rh8 Bg5 30. Rxh7 Kd6 31. h6 Nf5 32. Rd7+
Kxd7 33. h7 1-0